00752nam a2200181Ia 450000500170000000800410001702000180005808200230007610000670009924500350016626000390020130000140024050000440025465000220029894200070032099900190032795202240034620250513141830.0231217s9999 xx 000 0 und d a9781558609006 a001.6424JAV MCG;7 aMcGovern, James. Tyagi, Sameer. Stevens, Michael E... [et al.] 0aJava web services architecture c2003bMorgan KaufmannaSanfransico axxii, 833 aContent pages available. Consist of 1CD aJava,architecture cAA c189267d189267 r2024-01-26 00:00:00l0o001.6424JAV MCG;7p74601W25udigital/contents/52125.pdfv1121.25w2024-01-26yAA1040708CL00KRB-177L15/10/2014aMLbMLcCLd2010-10-28eRoyal Bibliomang1495.00ECSGRSF1V373.75URupees